Ignacio Díaz Morales habla de Luis Barragán : conversación con Fernando González Gortázar /
Se recoge aquí la conversación que entrevistador y entrevistado sostuvieran durante un simposio sobre Luis Barragán celebrado en Guadalajara el 8 y 9 de diciembre de 1989.
Uloženo v:
| Hlavní autor: | |
|---|---|
| Další autoři: | |
| Médium: | Kniha |
| Jazyk: | španělština |
| Vydáno: |
Guadalajara, México :
Universidad de Guadalajara,
1991, c1991
|
| Edice: | (Fundamentos. Arquitectura y Urbanismo)
|
| Témata: | |
| Tagy: |
Žádné tagy, Buďte první, kdo vytvoří štítek k tomuto záznamu!
|
MARC
| LEADER | 00000nam^a2200000^a^4500 | ||
|---|---|---|---|
| 001 | 000114307 | ||
| 005 | 20250521000000.0 | ||
| 009 | 20260310094014.47 | ||
| 020 | |a 968-895-238-9 | ||
| 037 | |a Acervo ITESO - Biblioteca | ||
| 041 | |a ESP | ||
| 082 | |a 720. 972 |b BAR DIA | ||
| 100 | |a Díaz Morales, Ignacio |e (autor) | ||
| 245 | 1 | 0 | |a Ignacio Díaz Morales habla de Luis Barragán : |b conversación con Fernando González Gortázar / |c I. Díaz Morales ; entrevistado por F. González Gortázar. |
| 264 | 4 | |a Guadalajara, México : |b Universidad de Guadalajara, |c 1991, c1991 | |
| 300 | |a 93 p. | ||
| 336 | |a texto |b txt |2 rdacontenido | ||
| 337 | |a sin mediación |b n |2 rdamedio | ||
| 338 | |a volumen |b nc |2 rdasoporte | ||
| 440 | 1 | |a (Fundamentos. |p Arquitectura y Urbanismo) | |
| 520 | |a Se recoge aquí la conversación que entrevistador y entrevistado sostuvieran durante un simposio sobre Luis Barragán celebrado en Guadalajara el 8 y 9 de diciembre de 1989. | ||
| 545 | 0 | |a Luis Barragán (1902-1988) es sin duda el arquitecto mexicano más reconocido, creador de toda una escuela que han seguido varios arquitectos mexicanos posteriores. Sus obras de madurez reflejan su interés en el sentido de conjugar la innovación con la tradición, lo universal con lo local; la pureza de sus líneas conjunta, por igual, el carácter de la casa popular mexicana que las construcciones mediterráneas. En 1976 recibió el Premio Nacional de las Artes en México y obtuvo en 1980 el Premio Pritzker, considerado el Nobel de Arquitectura. | |
| 649 | |a XX | ||
| 650 | |a Arquitectos Jaliscienses - |x Entrevistas | ||
| 650 | |a Arquitectos Mexicanos - |x Entrevistas | ||
| 650 | |a Artistas Jaliscienses - |x Entrevistas | ||
| 650 | |a Artistas Mexicanos - |x Entrevistas | ||
| 650 | |a Arquitectura Regionalista - |x Historia y Crítica | ||
| 650 | |a Arquitectura Moderna - |z México - |x Historia y Crítica | ||
| 650 | |a Arquitectura Mexicana - |x Historia y Crítica | ||
| 650 | |a Arte Moderno - |z México - |x Historia y Crítica | ||
| 650 | |a Arte Mexicano - |x Historia y Crítica | ||
| 650 | |a Barragán, Luis - |x Tema Principal | ||
| 600 | |a Díaz Morales, Ignacio | ||
| 700 | |a González Gortázar, Fernando |e (entrevista) | ||
| 910 | |a Fondo General | ||
| 920 | |a Impresos - Libros | ||
| 930 | |a Colección General | ||
| 905 | |a 101 | ||
| 901 | |a 0500051141 |b IT1 |c ACC |u 20250521 | ||
| 902 | |a https://opac.biblio.iteso.mx/vufind/Record/000114307 | ||